000 00819nam a2200241 a 4500
001 000018432
005 20200929165516.0
008 100506s1941 sp 000 p spa d
040 _aDO-SdBNP
_bspa
082 _a861.3
_bV732e
100 1 _aVillegas, Esteban Manuel de,
_b1589-1669
_939901
245 1 0 _aEróticas o amatorias /
_cVillegas ; edición y notas de Narciso Alonso Cortés.
260 _aMadrid :
_bEspasa-Calpe,
_c1941.
300 _axxv, 253,[2] p. ;
_c19 cm.
490 1 _aClásiscos castellanos
_v21
504 _aIncluye referencias bibliográficas y notas al pie de las páginas.
650 4 _aPoesía española
_9631
650 4 _aLiteratura española
_9632
700 1 _aCortés, Narciso Alonso,
_eed.
_937572
830 0 _aClásiscos castellanos ;
_v21
_939902
910 _aWM
049 _aBNGR
999 _c17952
_d17952